| 000 | 00828cam a2200229 4500 | ||
|---|---|---|---|
| 001 | ABS65799 | ||
| 008 | 020828n2002 000 0 eng u | ||
| 035 | _a(Sirsi) u119463 | ||
| 100 | _aHemsley, A. | ||
| 245 | _aDon't forget to write | ||
| 260 | _c2002 | ||
| 490 |
_aBuilding _v267(8241) 12 July 2002, 52(1) |
||
| 520 | _aArgues that for a successful result in a construction dispute the strength of argument is the most important aspect. This is frequently helped by thorough record keeping such as details of the actual progress of work and aspects of the activity on site. | ||
| 590 | _aABS | ||
| 650 | _aCONSTRUCTION INDUSTRY | ||
| 650 | _aRECORD KEEPING | ||
| 650 | _aCONTRACTORS | ||
| 650 | _aSUBCONTRACTORS | ||
| 650 | _aON-SITE MANAGEMENT | ||
| 690 | _aBUILDING AND CONSTRUCTION-MANAGEMENT | ||
| 942 | _n0 | ||
| 999 |
_c71027 _d71027 |
||